Plus hauts immeubles de Lyon - Statistiques

Statistiques générales
  • Ce quiz a été pris 12 fois
  • Le résultat moyen est 3 sur 7
Statistiques - réponses
Hauteur Nom % Correct
165 Tour Part-Dieu
75%
117 Tour Oxygène
58%
200m Tour Incity
50%
129 Tour Silex 2
25%
82 Tour Swiss Life
25%
171 Tour To-Lyon
25%
91 Tour Panoramique de la Duchère
17%
Aucun quiz correspondant
Distribution des résultats
% des personnes avec chaque résultat
Percentile par nombre de réponses
Votre historique - résultats
Vous n’avez pas pris ce quiz